Enfermedades del cerdo /

Guardado en:
Autor Principal: Anthony, David J.
Otros Autores: Fordham Lewis, E.
Formato: Libro
Publicado: México : Continental, 1972
Edición:5a. ed.
Materias:
Etiquetas: Agregar Etiqueta
Sin Etiquetas, Sea el primero en etiquetar este registro!
LEADER 01109nam a22002055a 4500
001 CEM.cems017868
005 20121108094645.0
008 130507s1972##################000#0#####d
003 CEMS
082 0 4 |a 636.4 
100 1 |a Anthony, David J. 
245 1 0 |a Enfermedades del cerdo /  |c David J. Anthony y E. Fordham Lewis 
250 |a 5a. ed. 
260 |a México :  |b Continental,  |c 1972 
300 |a 460 p. 
500 |a Manual de las enfermedades del cerdo con una introducción sobre su producción, cría y explotación 
505 0 |a Algunas razas de cerdos -- Requisitos para diferentes funciones -- Albergues y manejo -- Alimentación de los cerdos -- Denticion, salud y sujeción -- Enfermedades catalogadas - Enfermedades en general -- Enfermedades en el recién nacido y en el cerdo joven -- Enfermedades por deficiencias y desordenes metabolicos -- Diversos padecimientos -- Enfermedades causadas pro parásitos animales -- Venenos y plantas venenosas -- Métodos Post Mortem 
653 |a Cerdos-enfermedades 
700 1 |a Fordham Lewis, E. 
859 |a CEMS  |b BIB. CEMS - Agricultura  |h 636.4  |i An866a5  |p A1639.12  |t Ej.1